[Event "Dundee & Angus Major"]
[Site "Dundee"]
[Date "2016.10.08"]
[Round "3"]
[White "Thomas, Philip"]
[Black "Flood, Raymond"]
[Result "1/2-1/2"]
[WhiteElo "1795"]
[BlackElo "1464"]
[PlyCount "70"]
[EventDate "2016.10.07"]
[EventType "swiss"]
[EventRounds "5"]
[EventCountry "SCO"]
[SourceTitle "EXT 2023"]
[Source "ChessBase"]
[SourceDate "2022.10.05"]
[SourceVersion "1"]
[SourceVersionDate "2022.10.05"]
[SourceQuality "1"]

1. e4 e5 2. Nf3 Nc6 3. d4 exd4 4. Nxd4 Bc5 5. Be3 Bb6 6. c3 d6 7. Nd2 Nf6 8. Bd3 0-0 9. Nxc6 bxc6 10. Nc4 Bxe3 11. Nxe3 Re8 12. Qc2 d5 13. 0-0-0 Qe7 14. exd5 cxd5 15. Bb5 Bd7 16. Nxd5 Nxd5 17. Bxd7 Qxd7 18. c4 c6 19. cxd5 cxd5 20. Kb1 Rac8 21. Qd3 Qa4 22. b3 Qe4 23. Qxe4 dxe4 24. Rc1 f5 25. Rxc8 Rxc8 26. Rc1 Rd8 27. Rc5 g6 28. Kc2 Rd7 29. b4 Kf7 30. a4 Ke6 31. Kc3 f4 32. Rc6+ Ke5 33. Rc5+ Ke6 34. Rc6+ Ke5 35. Rc5+ Ke6 1/2-1/2

[Event "SCO-ch 123rd"]
[Site "Glasgow"]
[Date "2016.07.11"]
[Round "3"]
[White "Davidson, Laura"]
[Black "Thomas, Philip"]
[Result "0-1"]
[WhiteElo "1453"]
[BlackElo "1811"]
[PlyCount "62"]
[EventDate "2016.07.09"]
[EventType "swiss"]
[EventRounds "9"]
[EventCountry "SCO"]
[SourceTitle "CBM 173 Extra"]
[Source "ChessBase"]
[SourceDate "2016.08.29"]
[SourceVersion "1"]
[SourceVersionDate "2016.08.29"]
[SourceQuality "1"]

1. e4 c5 2. Nc3 Nc6 3. f4 g6 4. Nf3 Bg7 5. Bc4 e6 6. d3 Nge7 7. 0-0 d5 8. Bb5 0-0 9. Bxc6 Nxc6 10. Qe1 b6 11. a3 a5 12. Qg3 Ra7 13. Qh3 Nd4 14. Nxd4 cxd4 15. Ne2 Rc7 16. Ng3 Rxc2 17. f5 dxe4 18. f6 Bxf6 19. Nxe4 Bg7 20. Bg5 f6 21. Bc1 e5 22. Qh4 Bb7 23. Rf2 Rxf2 24. Nxf2 Qd5 25. Qh3 Rc8 26. Kf1 Rc2 27. Ke1 f5 28. Qg3 Qxg2 29. Qxg2 Bxg2 30. b4 e4 31. Rb1 Bf6 0-1

[Event "Dundee & Angus op Challengers"]
[Site "Dundee"]
[Date "2013.10.12"]
[Round "3"]
[White "Smith, Stephen H"]
[Black "Thomas, Philip"]
[Result "1/2-1/2"]
[WhiteElo "1750"]
[BlackElo "1822"]
[PlyCount "79"]
[EventDate "2013.10.11"]
[EventType "swiss"]
[EventRounds "5"]
[EventCountry "SCO"]
[SourceTitle "EXT 2017"]
[Source "ChessBase"]
[SourceDate "2016.10.25"]
[SourceVersion "1"]
[SourceVersionDate "2016.10.25"]
[SourceQuality "1"]

1. e4 c5 2. Nf3 Nc6 3. c3 d5 4. exd5 Qxd5 5. Be2 e5 6. 0-0 Be7 7. d3 Nf6 8. Nbd2 Bf5 9. Nc4 Rd8 10. Ne3 Qd7 11. Nxf5 Qxf5 12. Qc2 h6 13. Be3 0-0 14. Rac1 Nd5 15. Nd2 Nf4 16. Bxf4 Qxf4 17. Nf3 Rd6 18. Qd2 Qxd2 19. Nxd2 Bg5 20. Rcd1 Bxd2 21. Rxd2 Rfd8 22. f3 Kf8 23. Rc2 Rf6 24. Re1 Ke7 25. Bf1 Re6 26. Rf2 Kd7 27. Rd2 Ne7 28. Red1 Kc7 29. Re1 Ng6 30. g3 Red6 31. Rf2 f6 32. Rc1 b6 33. b4 Ne7 34. d4 cxb4 35. cxb4+ Rc6 36. Rxc6+ Nxc6 37. dxe5 Nxe5 38. Rc2+ Kb8 39. Kg2 Nd3 40. Bxd3 1/2-1/2

[Event "Dundee & Angus op Challengers"]
[Site "Dundee"]
[Date "2013.10.11"]
[Round "1"]
[White "Sharp, Alan W"]
[Black "Thomas, Philip"]
[Result "0-1"]
[WhiteElo "1644"]
[BlackElo "1822"]
[PlyCount "84"]
[EventDate "2013.10.11"]
[EventType "swiss"]
[EventRounds "5"]
[EventCountry "SCO"]
[SourceTitle "EXT 2017"]
[Source "ChessBase"]
[SourceDate "2016.10.25"]
[SourceVersion "1"]
[SourceVersionDate "2016.10.25"]
[SourceQuality "1"]

1. Nf3 f5 2. b3 Nf6 3. Bb2 e6 4. e3 Be7 5. Be2 0-0 6. 0-0 d6 7. d4 Qe8 8. c4 Ne4 9. Nfd2 Nxd2 10. Qxd2 Bf6 11. Bf3 Nc6 12. Nc3 e5 13. Nd5 Bd8 14. Nc3 e4 15. Be2 Bd7 16. f4 Bf6 17. Nd5 Bd8 18. Nc3 Rc8 19. Kh1 Bf6 20. Nd5 Ne7 21. Nxf6+ Rxf6 22. d5 Rh6 23. Qd4 Qf8 24. Rg1 Qf6 25. Qxf6 gxf6 26. g4 fxg4 27. Bxg4 Bxg4 28. Rxg4+ Kf7 29. Kg2 Rg8 30. Rxg8 Nxg8 31. Bc3 Ne7 32. Re1 Nf5 33. Re2 Nh4+ 34. Kh1 Rg6 35. Be1 Nf3 36. Bg3 h5 37. Rg2 h4 38. Bf2 h3 39. Rg3 Rxg3 40. Bxg3 f5 41. Bf2 a6 42. Bg3 Ke7 0-1

[Event "BCF-ch Major op"]
[Site "North Shields"]
[Date "2012.08.02"]
[Round "10.51"]
[White "Thomas, Philip"]
[Black "McCarthy, Damian"]
[Result "1/2-1/2"]
[WhiteElo "1900"]
[BlackElo "1894"]
[PlyCount "106"]
[EventDate "2012.07.23"]
[EventType "swiss"]
[EventRounds "11"]
[EventCountry "ENG"]
[SourceTitle "EXT 2023"]
[Source "ChessBase"]
[SourceDate "2022.10.05"]
[SourceVersion "1"]
[SourceVersionDate "2022.10.05"]
[SourceQuality "1"]

1. e4 c5 2. Nf3 Nc6 3. Bb5 g6 4. 0-0 Bg7 5. c3 e6 6. d3 Nge7 7. Be3 d6 8. Qd2 0-0 9. Bf4 a6 10. Ba4 b5 11. Bc2 Ne5 12. Nxe5 dxe5 13. Bh6 Qd6 14. Bxg7 Kxg7 15. Qe3 Bb7 16. Nd2 Rac8 17. Rfd1 Rfd8 18. h3 f6 19. Nb3 Qc7 20. Qe2 Rd7 21. Qe3 a5 22. Nd2 Ba6 23. Nf3 Rcd8 24. Nh2 Rd6 25. Ng4 Ng8 26. f3 Qb6 27. h4 h6 28. Kh2 b4 29. c4 Qc7 30. Rg1 Rd4 31. Kh3 Bc8 32. Raf1 a4 33. Kh2 Bd7 34. Kh1 Be8 35. Rf2 Ra8 36. Rgf1 a3 37. b3 Bc6 38. f4 h5 39. Nh2 exf4 40. Rxf4 e5 41. R4f2 Qe7 42. Kg1 Rf8 43. g3 Bd7 44. Re1 Bc8 45. Bd1 Nh6 46. Be2 Rdd8 47. Rg2 Bh3 48. Rf2 Qd6 49. Kh1 Qd4 50. Qxd4 Rxd4 51. Rf3 Rfd8 52. Re3 Kf7 53. Kg1 Ke7 1/2-1/2

[Event "BCF-ch Major op"]
[Site "North Shields"]
[Date "2012.07.30"]
[Round "7.50"]
[White "Mulleady, Peter J"]
[Black "Thomas, Philip"]
[Result "0-1"]
[WhiteElo "1797"]
[BlackElo "1900"]
[PlyCount "84"]
[EventDate "2012.07.23"]
[EventType "swiss"]
[EventRounds "11"]
[EventCountry "ENG"]
[SourceTitle "EXT 2023"]
[Source "ChessBase"]
[SourceDate "2022.10.05"]
[SourceVersion "1"]
[SourceVersionDate "2022.10.05"]
[SourceQuality "1"]

1. f4 c5 2. Nf3 d5 3. b3 g6 4. Bb2 Nf6 5. e3 Bg7 6. Bb5+ Bd7 7. Be2 0-0 8. 0-0 Nc6 9. Na3 a6 10. c4 Nb4 11. Nc2 Nxc2 12. Qxc2 dxc4 13. bxc4 Qc7 14. Be5 Qc6 15. Qb2 Rad8 16. Rab1 Bc8 17. Rfd1 Bh6 18. Bc3 Qa4 19. Bxf6 exf6 20. Qxf6 Bg7 21. Qb6 Qxa2 22. Qxc5 Rfe8 23. Rb6 Bf8 24. Qg5 Be7 25. Qh6 Bf8 26. Qh4 Be7 27. Qf2 Bc5 28. Rbb1 Rxd2 29. Nxd2 Bxe3 30. Qxe3 Rxe3 31. Bf3 Rd3 32. Ne4 Rxd1+ 33. Rxd1 Kg7 34. Nd6 Be6 35. c5 Bb3 36. Re1 Qd2 37. Re7 Qd4+ 38. Kf1 Qxc5 39. Ne8+ Kf8 40. Re1 Bc4+ 41. Be2 Bxe2+ 42. Rxe2 Qc6 0-1

[Event "SCO-ch 119th"]
[Site "Glasgow"]
[Date "2012.07.11"]
[Round "5"]
[White "Thomas, Philip"]
[Black "Hardarson, Jon Trausti"]
[Result "0-1"]
[WhiteElo "1900"]
[BlackElo "1774"]
[PlyCount "70"]
[EventDate "2012.07.07"]
[EventType "swiss"]
[EventRounds "9"]
[EventCountry "SCO"]
[SourceTitle "CBM 149 Extra"]
[Source "ChessBase"]
[SourceDate "2012.08.24"]
[SourceVersion "1"]
[SourceVersionDate "2012.08.24"]
[SourceQuality "1"]

1. e4 e6 2. e5 d5 3. exd6 Bxd6 4. d4 Nf6 5. Nf3 0-0 6. Bg5 Nbd7 7. Be2 c5 8. 0-0 cxd4 9. Qxd4 Bc5 10. Qc3 b6 11. Rd1 Qc7 12. Nbd2 Bb7 13. Bxf6 Nxf6 14. Rf1 Rac8 15. Rac1 Rfd8 16. Nb3 Qf4 17. Qe5 Qh6 18. Rcd1 Rxd1 19. Bxd1 Ba6 20. Nxc5 Bxf1 21. Nxe6 Re8 22. Kxf1 Rxe6 23. Qd4 Qg6 24. Nd2 Qf5 25. h3 Re8 26. c4 Qa5 27. Bb3 b5 28. Nf3 Rd8 29. Qe5 a6 30. c5 Re8 31. Qf4 Qd8 32. Ne5 Re7 33. c6 Qd6 34. Bxf7+ Rxf7 35. Kg1 Re7 0-1

[Event "Dundee & Angus op"]
[Site "Dundee"]
[Date "2007.??.??"]
[Round "3"]
[White "Robertson, Ian C"]
[Black "Thomas, Philip"]
[Result "1/2-1/2"]
[WhiteElo "2061"]
[BlackElo "1863"]
[PlyCount "107"]
[EventDate "2007.10.19"]
[EventType "swiss"]
[EventRounds "5"]
[EventCountry "SCO"]
[SourceTitle "EXT 2017"]
[Source "ChessBase"]
[SourceDate "2016.10.25"]
[SourceVersion "1"]
[SourceVersionDate "2016.10.25"]
[SourceQuality "1"]

1. d4 Nf6 2. Bf4 g6 3. Nc3 c6 4. Qd2 Qa5 5. e4 d6 6. Nf3 Bg4 7. Be2 Nbd7 8. 0-0 e5 9. Be3 Bg7 10. h3 Bxf3 11. Bxf3 0-0 12. Rad1 Nb6 13. b3 Rac8 14. Ne2 Qxd2 15. Rxd2 Rfe8 16. dxe5 dxe5 17. Rfd1 Bf8 18. a4 Ra8 19. a5 Nc8 20. Rd8 Rxd8 21. Rxd8 Kg7 22. Bg4 Nxg4 23. hxg4 Bb4 24. Bd2 Be7 25. Rd7 Kf6 26. Rxb7 Nd6 27. Rc7 Nxe4 28. Rxc6+ Kg7 29. Be3 a6 30. Bb6 Nf6 31. f3 Nd5 32. c4 Nb4 33. Rc7 Bf6 34. Rd7 e4 35. f4 h6 36. Kf2 Re8 37. Ke3 g5 38. g3 Nc2+ 39. Kd2 Nb4 40. Nd4 e3+ 41. Ke2 Na2 42. Nf5+ Kg6 43. Bxe3 gxf4 44. gxf4 Nc1+ 45. Kf3 Nxb3 46. Rd6 Re6 47. Bb6 h5 48. Rxe6 hxg4+ 49. Kxg4 fxe6 50. Nd6 Bc3 51. Nb7 Kf6 52. c5 Nd4 53. Nd6 Ke7 54. Nc4 1/2-1/2

[Event "Dundee & Angus op"]
[Site "Dundee"]
[Date "2007.??.??"]
[Round "2"]
[White "Thomas, Philip"]
[Black "Findlay, David John"]
[Result "1/2-1/2"]
[WhiteElo "1863"]
[BlackElo "2111"]
[PlyCount "134"]
[EventDate "2007.10.19"]
[EventType "swiss"]
[EventRounds "5"]
[EventCountry "SCO"]
[SourceTitle "EXT 2017"]
[Source "ChessBase"]
[SourceDate "2016.10.25"]
[SourceVersion "1"]
[SourceVersionDate "2016.10.25"]
[SourceQuality "1"]

1. Nc3 e5 2. Nf3 d6 3. d4 Nd7 4. dxe5 dxe5 5. e4 Ngf6 6. Bc4 Bb4 7. Qe2 Qe7 8. 0-0 h6 9. Nd5 Nxd5 10. Bxd5 0-0 11. c3 Bd6 12. Bb3 Nc5 13. Bc2 b6 14. b4 Ba6 15. b5 Bb7 16. Nd2 Qh4 17. f3 Ne6 18. Nc4 Bc5+ 19. Be3 Qe7 20. Bb3 Rfd8 21. Rfd1 Bxe3+ 22. Qxe3 Nc5 23. Bc2 f6 24. a4 a5 25. Qe2 Kf8 26. Ne3 Rxd1+ 27. Rxd1 Rd8 28. Nf5 Qe8 29. Kf2 Bc8 30. Ne3 Be6 31. Nd5 Bxd5 32. exd5 Qh5 33. Kg1 Rd6 34. c4 Qf7 35. Re1 g6 36. Qd2 Kg7 37. f4 Nd7 38. f5 g5 39. Re3 Nc5 40. Rh3 Rd8 41. Bd1 Qe7 42. Qe2 Rh8 43. Qc2 e4 44. Qe2 Qe5 45. g4 Re8 46. Re3 Qd4 47. Kg2 Nd3 48. Kf1 Nf4 49. Qe1 Qxc4+ 50. Kg1 Nxd5 51. Bb3 Qd4 52. Bxd5 Qxd5 53. Qc3 Re7 54. h3 Rd7 55. Kf2 Kf7 56. Re2 Qd4+ 57. Qxd4 Rxd4 58. Rc2 Rd7 59. Ke3 Re7 60. Rc4 Ke8 61. Rc6 Kf7 62. Rc4 h5 63. Rc6 hxg4 64. hxg4 Kg7 65. Rc3 Kf8 66. Rc6 Kf7 67. Rc3 Kf8 1/2-1/2

[Event "Dundee & Angus op"]
[Site "Dundee"]
[Date "2007.??.??"]
[Round "4"]
[White "Thomas, Philip"]
[Black "Shanel, Jaroslav"]
[Result "1-0"]
[WhiteElo "1863"]
[BlackElo "2212"]
[PlyCount "94"]
[EventDate "2007.10.19"]
[EventType "swiss"]
[EventRounds "5"]
[EventCountry "SCO"]
[SourceTitle "EXT 2017"]
[Source "ChessBase"]
[SourceDate "2016.10.25"]
[SourceVersion "1"]
[SourceVersionDate "2016.10.25"]
[SourceQuality "1"]

1. Nc3 d6 2. d4 Nf6 3. e4 g6 4. f4 Bg7 5. Nf3 c5 6. Bb5+ Bd7 7. e5 Ng4 8. e6 Bxb5 9. exf7+ Kxf7 10. Ng5+ Kg8 11. Nxb5 Nh6 12. dxc5 Qa5+ 13. Kf2 Qxb5 14. Qd5+ e6 15. Qxe6+ Kf8 16. Qxd6+ Kg8 17. Qd5+ Kf8 18. Ne6+ Ke7 19. Re1 Ng4+ 20. Kg3 Qd7 21. Nxg7+ Kf6 22. Qxd7 Nxd7 23. Kxg4 Rhf8 24. b4 Kxg7 25. Re7+ Rf7 26. Bb2+ Kf8 27. Rxf7+ Kxf7 28. Rd1 Nf8 29. Be5 a5 30. b5 Rc8 31. Bd6 h5+ 32. Kh4 Ne6 33. b6 Kf6 34. Rd5 Rc6 35. h3 Rc8 36. a3 Kf7 37. Kg3 Kf6 38. Kf2 h4 39. c3 Kf7 40. f5 Ng5 41. fxg6+ Kxg6 42. Re5 Nf7 43. Rd5 Kf6 44. Bc7 Ng5 45. Bd8+ Ke6 46. Rd6+ Kf5 47. Bxg5 Kxg5 1-0

[Event "West of Scotland-ch"]
[Site "Clarkston"]
[Date "2004.05.29"]
[Round "3"]
[White "Thomas, Philip"]
[Black "Malkin, Kenneth"]
[Result "1/2-1/2"]
[WhiteElo "1904"]
[BlackElo "1914"]
[PlyCount "84"]
[EventDate "2004.05.28"]
[EventType "swiss"]
[EventRounds "5"]
[EventCountry "SCO"]
[SourceTitle "EXT 2006"]
[Source "ChessBase"]
[SourceDate "2005.11.24"]
[SourceVersion "1"]
[SourceVersionDate "2005.11.24"]
[SourceQuality "1"]

1. e4 e5 2. Nf3 Nc6 3. d4 exd4 4. Nxd4 Bc5 5. Be3 Qf6 6. c3 Nge7 7. Bc4 0-0 8. Nc2 Bxe3 9. Nxe3 d6 10. Nd2 Ne5 11. Be2 Bd7 12. 0-0 Bc6 13. f4 Nd7 14. Ng4 Qg6 15. f5 Qg5 16. Qe1 Nc8 17. h4 Qe7 18. Qg3 Nf6 19. Nxf6+ Qxf6 20. Bf3 Kh8 21. Rfe1 Qe5 22. Qg4 Bb5 23. Be2 Bd7 24. Qg5 f6 25. Qe3 Nb6 26. Nc4 Nxc4 27. Bxc4 Bb5 28. Bxb5 Qxb5 29. b3 Qb6 30. Kf2 Rfe8 31. g4 Re5 32. Kf3 Qxe3+ 33. Rxe3 h6 34. Kf4 Rd8 35. Rae1 Kg8 36. g5 hxg5+ 37. hxg5 fxg5+ 38. Kxg5 Kf7 39. Kf4 Rh8 40. R1e2 Rh6 41. Rg2 Rh4+ 42. Rg4 Rxg4+ 1/2-1/2

[Event "West of Scotland-ch"]
[Site "Clarkston"]
[Date "2004.05.28"]
[Round "1"]
[White "Thomas, Philip"]
[Black "McKay, Roderick M"]
[Result "0-1"]
[WhiteElo "1904"]
[BlackElo "2346"]
[PlyCount "84"]
[EventDate "2004.05.28"]
[EventType "swiss"]
[EventRounds "5"]
[EventCountry "SCO"]
[SourceTitle "EXT 2006"]
[Source "ChessBase"]
[SourceDate "2005.11.24"]
[SourceVersion "1"]
[SourceVersionDate "2005.11.24"]
[SourceQuality "1"]

1. e4 c5 2. Nf3 d6 3. Bc4 a6 4. a4 e6 5. 0-0 Nc6 6. Nc3 Nf6 7. Re1 Be7 8. d3 0-0 9. Bg5 h6 10. Bf4 d5 11. exd5 exd5 12. Ba2 Nb4 13. Bb3 Re8 14. Na2 Nc6 15. Nc3 Be6 16. d4 c4 17. Ba2 Bb4 18. Bd2 Qb6 19. Ne2 Bg4 20. c3 Bd6 21. Qc2 Bxf3 22. gxf3 Qc7 23. Ng3 Ne7 24. Bb1 Ng6 25. Kf1 Rxe1+ 26. Kxe1 Nh4 27. Kd1 Re8 28. Nf5 Bf8 29. Nxh4 Qxh2 30. Be3 Qxh4 31. b3 g6 32. bxc4 dxc4 33. Qb2 Qh1+ 34. Kd2 Rxe3 35. fxe3 Qg2+ 36. Kc1 Qf1+ 37. Kd2 Qf2+ 38. Kc1 Qe1+ 39. Kc2 Nd5 40. Qxb7 Nxe3+ 41. Kb2 Qd2+ 42. Bc2 Qxc2# 0-1

[Event "BCF-chT3 0102 (4NCL)"]
[Site "Birmingham"]
[Date "2002.05.06"]
[Round "11.6"]
[White "Cooper, David M"]
[Black "Thomas, Philip"]
[Result "1/2-1/2"]
[WhiteElo "1880"]
[BlackElo "1960"]
[PlyCount "132"]
[EventDate "2001.09.??"]
[EventType "team"]
[EventRounds "11"]
[EventCountry "ENG"]
[SourceTitle "EXT 2003"]
[Source "ChessBase"]
[SourceDate "2002.11.25"]
[SourceVersion "1"]
[SourceVersionDate "2002.11.25"]
[SourceQuality "1"]
[WhiteTeam "Warwicks Select II"]
[BlackTeam "Milton Keynes"]
[WhiteTeamCountry "ENG"]
[BlackTeamCountry "ENG"]

1. e4 d6 2. d4 Nf6 3. Nc3 g6 4. Be2 Bg7 5. Nf3 0-0 6. 0-0 c6 7. h3 Qb6 8. Rb1 Nbd7 9. Re1 e5 10. Be3 Qc7 11. dxe5 dxe5 12. Qd2 Nb6 13. Rbd1 Re8 14. Bc5 Nbd7 15. Bd6 Qb6 16. Na4 Qd8 17. Qe3 Qa5 18. Nc3 Nh5 19. Bc4 b5 20. Bb3 Qb6 21. Ng5 Rf8 22. Bxf8 Kxf8 23. Qxb6 Nxb6 24. Nxh7+ Ke7 25. Ng5 f6 26. Nf3 Nf4 27. Ne2 Ne6 28. Nh4 Nf8 29. Rd3 a5 30. a3 Nbd7 31. Rg3 Nc5 32. Nxg6+ Nxg6 33. Rxg6 Kf8 34. Nc1 a4 35. Ba2 Bd7 36. Nd3 Nxd3 37. cxd3 Be8 38. Rg3 Rd8 39. Rc1 Bh6 40. Rg8+ Ke7 41. Rd1 c5 42. Bd5 b4 43. g4 Bf4 44. h4 Rd6 45. Rg7+ Kf8 46. axb4 Kxg7 47. bxc5 Ra6 48. Ra1 Bb5 49. Bb7 Re6 50. Bd5 Re7 51. b3 axb3 52. Bxb3 Bxd3 53. Bd5 Be2 54. Ra8 Kh7 55. Rf8 Rg7 56. Be6 Bxg4 57. Bxg4 Rxg4+ 58. Kf1 Bh6 59. c6 Rg7 60. Rxf6 Rc7 61. Rd6 Bg7 62. Kg2 Kg8 63. Kg3 Kf7 64. Rd7+ Rxd7 65. cxd7 Ke7 66. f4 Kxd7 1/2-1/2

[Event "BCF-chT3b 0001 (4NCL)"]
[Site "Birmingham"]
[Date "2000.11.25"]
[Round "3.6"]
[White "Thomas, Philip"]
[Black "Hardy, Otto H"]
[Result "1-0"]
[WhiteElo "1952"]
[BlackElo "1808"]
[PlyCount "159"]
[EventDate "2000.11.26"]
[EventType "team-tourn"]
[EventRounds "7"]
[EventCountry "ENG"]
[SourceTitle "EXT 2002"]
[Source "ChessBase"]
[SourceDate "2001.11.25"]
[SourceVersion "1"]
[SourceVersionDate "2001.11.25"]
[SourceQuality "1"]
[WhiteTeam "Milton Keynes"]
[BlackTeam "BCCA II"]
[WhiteTeamCountry "ENG"]
[BlackTeamCountry "ENG"]

1. e4 d5 2. exd5 Qxd5 3. Nc3 Qa5 4. d4 c6 5. Bd2 Nf6 6. Ne4 Qd8 7. Nxf6+ gxf6 8. Bc3 Bf5 9. Bd3 Bg6 10. Qd2 Nd7 11. Ne2 Qc7 12. 0-0 Bxd3 13. Qxd3 0-0-0 14. Qg3 e6 15. Qxc7+ Kxc7 16. Ba5+ b6 17. Bc3 Be7 18. Rad1 Rhg8 19. Rd3 f5 20. Rg3 Rxg3 21. hxg3 Bf6 22. Bd2 Kb7 23. Be3 c5 24. c3 cxd4 25. Nxd4 Ne5 26. Re1 Ng4 27. Kf1 Bxd4 28. Bxd4 Rd5 29. f3 Nh6 30. Kf2 Ng8 31. Rh1 h6 32. Ke2 e5 33. Be3 Ra5 34. a3 Rb5 35. b4 Rd5 36. Bxh6 b5 37. Be3 e4 38. Rh7 Rd7 39. Bc5 Nf6 40. Rh6 Nd5 41. Bd4 Rc7 42. Kd2 e3+ 43. Kd3 f4 44. gxf4 Nxf4+ 45. Kxe3 Nxg2+ 46. Kd2 Nf4 47. Rf6 Ne6 48. Kd3 Rd7 49. f4 Nc7 50. Rf5 a6 51. Re5 Nd5 52. f5 Kc6 53. Re8 Kb7 54. Ke4 Nc7 55. Re5 Kc6 56. Rc5+ Kb7 57. Ke5 Ne8 58. Kf4 Nd6 59. f6 Nc4 60. a4 Nd6 61. axb5 Nxb5 62. Ke5 Nc7 63. Ke4 Ne6 64. Rd5 Rc7 65. Be5 Rc8 66. Kf5 Rd8 67. Rxd8 Nxd8 68. Bd4 Ne6 69. Ke5 Kc6 70. Bg1 Ng5 71. Bd4 a5 72. Be3 Ne6 73. bxa5 Kb5 74. Kd6 Kxa5 75. Ke7 Kb5 76. Kxf7 Nd8+ 77. Ke8 Ne6 78. f7 Kc4 79. Bd4 Nc7+ 80. Kd7 1-0

[Event "BCF-chT3b 0001 (4NCL)"]
[Site "Birmingham"]
[Date "2000.09.23"]
[Round "1.5"]
[White "Milligan, Helen"]
[Black "Thomas, Philip"]
[Result "1-0"]
[WhiteElo "2123"]
[BlackElo "1952"]
[PlyCount "53"]
[EventDate "2000.11.26"]
[EventType "team-tourn"]
[EventRounds "7"]
[EventCountry "ENG"]
[SourceTitle "EXT 2002"]
[Source "ChessBase"]
[SourceDate "2001.11.25"]
[SourceVersion "1"]
[SourceVersionDate "2001.11.25"]
[SourceQuality "1"]
[WhiteTeam "Athenaeum"]
[BlackTeam "Milton Keynes"]
[WhiteTeamCountry "ENG"]
[BlackTeamCountry "ENG"]

1. e4 d5 2. exd5 Nf6 3. Nc3 Bg4 4. Be2 Bxe2 5. Qxe2 Nxd5 6. Qb5+ c6 7. Qxb7 e6 8. Nf3 Nb6 9. Ne5 Qf6 10. Nxc6 Bc5 11. Ne4 Bxf2+ 12. Nxf2 0-0 13. Nxb8 Raxb8 14. Qe4 Rfd8 15. 0-0 Rd4 16. Qe2 Nd5 17. d3 Rh4 18. Ne4 Qe5 19. g3 Rh5 20. c4 Qd4+ 21. Qf2 Qxf2+ 22. Rxf2 Nb4 23. Bf4 Rd8 24. a3 Nxd3 25. Rd2 e5 26. Be3 f5 27. Nf2 1-0